Coerced Liberation : Muslim Women in Soviet Tajikistan.

This book offers unique insights into the shifts in behaviour and attitudes surrounding the Soviet emancipation of women in the Muslim periphery, Tajikistan.

Bibliographic Details
Main Author: Abman, Zamira.
Format: eBook
Language:English
Published: Toronto : University of Toronto Press, 2024.
Edition:1st ed.
Subjects:
Online Access:Click to View
LEADER 01582nam a22003613i 4500
001 EBC30787713
003 MiAaPQ
005 20240729202206.0
006 m o d |
007 cr cnu||||||||
008 240729s2024 xx o ||||0 eng d
020 |a 9781487553203  |q (electronic bk.) 
020 |z 9781487553180 
035 |a (MiAaPQ)EBC30787713 
035 |a (Au-PeEL)EBL30787713 
040 |a MiAaPQ  |b eng  |e rda  |e pn  |c MiAaPQ  |d MiAaPQ 
082 0 |a 305.42095860904 
100 1 |a Abman, Zamira. 
245 1 0 |a Coerced Liberation :  |b Muslim Women in Soviet Tajikistan. 
250 |a 1st ed. 
264 1 |a Toronto :  |b University of Toronto Press,  |c 2024. 
264 4 |c Ã2024. 
300 |a 1 online resource (234 pages) 
336 |a text  |b txt  |2 rdacontent 
337 |a computer  |b c  |2 rdamedia 
338 |a online resource  |b cr  |2 rdacarrier 
520 |a This book offers unique insights into the shifts in behaviour and attitudes surrounding the Soviet emancipation of women in the Muslim periphery, Tajikistan. 
588 |a Description based on publisher supplied metadata and other sources. 
590 |a Electronic reproduction. Ann Arbor, Michigan : ProQuest Ebook Central, 2024. Available via World Wide Web. Access may be limited to ProQuest Ebook Central affiliated libraries.  
655 4 |a Electronic books. 
776 0 8 |i Print version:  |a Abman, Zamira  |t Coerced Liberation  |d Toronto : University of Toronto Press,c2024  |z 9781487553180 
797 2 |a ProQuest (Firm) 
856 4 0 |u https://ebookcentral.proquest.com/lib/matrademy/detail.action?docID=30787713  |z Click to View